Ordenanzas de la Ilustre Universidad y Casa de Contratación de la M.N.Y.M.L. Villa de Bilbao

Na minha lista:
Detalhes bibliográficos
Formato: Livro
Idioma:espanhol
Publicado em: París Garnier Hermanos 1834
Assuntos:
Tags: Adicionar Tag
Sem tags, seja o primeiro a adicionar uma tag!

MARC

LEADER 00000nam a2200000 a 4500
001 UCR1945
003 CL-VaPUC
008 980107e18340000FR |||||||||||||||||spa|d
082 0 4 |a 341.35  |b ORD  |2 21 
245 1 0 |a Ordenanzas de la Ilustre Universidad y Casa de Contratación de la M.N.Y.M.L. Villa de Bilbao 
300 |a 182 p 
942 |c BK 
945 |d 19980107 00:00:00  |a cmena 
260 |a París  |b Garnier Hermanos  |c 1834 
650 7 |a ORDENANZAS  |2 CL-VaPUC  |9 367366 
650 7 |a LEGISLACION  |2 CL-VaPUC  |9 399504 
650 0 |a Relaciones Internacionales  |9 255740 
650 7 |a DERECHO CONSULAR  |2 CL-VaPUC  |9 398254 
650 7 |a CONSULADOS  |2 CL-VaPUC  |9 399505 
650 0 |a Jurisprudencia  |9 255952 
650 0 |a Elecciones  |9 254997 
650 0 |a Derecho comercial   |9 256340 
650 0 |a Obligaciones   |9 255578 
650 7 |a QUIEBRAS  |2 CL-VaPUC  |9 329303 
650 0 |a Naufragios  |9 317857 
650 0 |a Transporte marítimo  |9 260127 
650 7 |a SEGUROS  |2 CL-VaPUC  |9 399506 
650 0 |a Contratos comerciales  |9 374028 
651 7 |a BILBAO  |2 CL-VaPUC  |9 399507 
651 0 |a España  |9 254926 
583 |a last modification  |c 19980107 00:00:00  |k Rodrigo Vera 
999 |c 265262  |d 265260 
952 |0 0  |1 0  |4 0  |6 341_350000000000000_ORD_1834  |7 0  |8 X  |9 296118  |a BIBDER  |b BIBDER  |d 2019-11-20  |i 1923390  |o 341.35 ORD 1834  |p 1923390  |r 2023-01-25  |w 2019-11-20  |y BK_X  |k DER 
952 |0 0  |1 0  |4 0  |6 341_350000000000000_ORD_1834  |7 0  |8 DER_HIS  |9 296119  |a BIBDER  |b BIBDER  |d 2019-11-20  |i 1923412  |o 341.35 ORD 1834  |p 1923412  |r 2023-01-25  |w 2019-11-20  |x Ubicación 4to Piso  |y BK_X  |z Estos recursos deben solicitarse con anticipación  |k DER